[Event "Cienaga op"]
[Site "Cienaga"]
[Date "2024.12.17"]
[Round "5"]
[White "Carreno Poveda, Noah David"]
[Black "Carbono Lopez, Elkin Leandro"]
[Result "0-1"]
[WhiteElo "1524"]
[BlackElo "1600"]
[PlyCount "84"]
[EventDate "2024.12.15"]
[EventType "swiss"]
[EventRounds "9"]
[EventCountry "COL"]
[SourceTitle "CB52_2024"]
[SourceDate "2024.12.25"]
[SourceVersion "1"]
[SourceVersionDate "2024.12.25"]
[SourceQuality "1"]

1. e4 d5 2. Nc3 dxe4 3. f3 exf3 4. Nxf3 Nf6 5. Bc4 Bf5 6. d3 e6 7. Bf4 c6 8. a3 Be7 9. 0-0 0-0 10. Kh1 Nbd7 11. Ne2 Nb6 12. Bb3 Nbd5 13. Bg5 h6 14. Bd2 Qb6 15. Ng3 Bg4 16. Qc1 Kh7 17. a4 Bb4 18. a5 Bxd2 19. Qxd2 Qe3 20. Qxe3 Nxe3 21. Rfe1 Bxf3 22. gxf3 Ned5 23. Ra4 Rad8 24. c4 Nf4 25. Ne4 Nxd3 26. Nxf6+ gxf6 27. Bc2 f5 28. Bxd3 Rxd3 29. Ra3 Rxa3 30. bxa3 Rd8 31. Re2 Rd3 32. Rb2 Rd7 33. Kg2 Kg6 34. Kg3 f6 35. Kh4 e5 36. Rg2+ Kh7 37. Kh5 Rg7 38. Rb2 e4 39. f4 e3 40. Re2 Re7 41. a4 b6 42. axb6 axb6 0-1

[Event "Bucaramanga Santander-ch"]
[Site "Bucaramanga"]
[Date "2024.11.01"]
[Round "6"]
[White "Lopez Marcano, Jade Delvalle"]
[Black "Carreno Poveda, Noah David"]
[Result "0-1"]
[WhiteElo "1619"]
[BlackElo "1528"]
[PlyCount "114"]
[EventDate "2024.10.29"]
[EventType "swiss"]
[EventRounds "9"]
[EventCountry "COL"]
[SourceTitle "CB45_2024"]
[Source "ChessBase"]
[SourceDate "2024.11.06"]
[SourceVersion "1"]
[SourceVersionDate "2024.11.06"]
[SourceQuality "1"]

1. d4 d5 2. Nf3 e6 3. e3 Nf6 4. Bd3 c5 5. b3 Nbd7 6. Bb2 g6 7. Nbd2 Bg7 8. Ne5 0-0 9. f4 b6 10. 0-0 Bb7 11. Qf3 Ne8 12. Qh3 Nd6 13. Ndf3 Re8 14. Nxd7 Qxd7 15. Ng5 h6 16. Nf3 Rf8 17. Rac1 Rac8 18. c4 dxc4 19. Bxc4 Nxc4 20. Rxc4 Ba6 21. Rxc5 Rxc5 22. dxc5 Bxf1 23. Kxf1 Bxb2 24. Qxh6 Qb5+ 25. Kf2 Qxc5 26. Ng5 Qxg5 27. Qxg5 Kg7 28. Qe7 a5 29. Qd7 Ba3 30. g4 Bc5 31. f5 gxf5 32. gxf5 exf5 33. Qxf5 Re8 34. Qf4 Bxe3+ 35. Qxe3 Rxe3 36. Kxe3 Kg6 37. Kf4 b5 38. h4 Kh5 39. Kf5 Kxh4 40. Kf6 Kg4 41. Kxf7 Kf5 42. Ke7 Ke5 43. Kd7 Kd5 44. Kc7 Kc5 45. Kb7 a4 46. bxa4 bxa4 47. Ka6 Kb4 48. Kb6 Kc3 49. Ka5 a3 50. Ka4 Kb2 51. Kb4 Kxa2 52. Kc3 Kb1 53. Kb3 a2 54. Kc3 a1Q+ 55. Kb3 Qd4 56. Ka3 Kc2 57. Ka2 Qa4# 0-1

[Event "Bucaramanga Santander-ch"]
[Site "Bucaramanga"]
[Date "2024.10.31"]
[Round "5"]
[White "Carreno Poveda, Noah David"]
[Black "Carvajal Barreto, Gian Lucas"]
[Result "1/2-1/2"]
[WhiteElo "1528"]
[BlackElo "1608"]
[PlyCount "164"]
[EventDate "2024.10.29"]
[EventType "swiss"]
[EventRounds "9"]
[EventCountry "COL"]
[SourceTitle "CB45_2024"]
[Source "ChessBase"]
[SourceDate "2024.11.06"]
[SourceVersion "1"]
[SourceVersionDate "2024.11.06"]
[SourceQuality "1"]

1. e4 e6 2. Nf3 c5 3. Nc3 Nc6 4. d3 d5 5. Be3 d4 6. Bd2 dxc3 7. bxc3 Bd6 8. d4 cxd4 9. cxd4 Bc7 10. Bg5 f6 11. Bh4 Qe7 12. c4 Bd7 13. a3 Nh6 14. h3 Ba5+ 15. Ke2 Bc3 16. Ra2 0-0 17. Qc2 Bxd4 18. Ke1 Qc5 19. Bg3 Qa5+ 20. Qd2 Bc3 21. Bd3 Bxd2+ 22. Rxd2 Qxa3 23. Ke2 f5 24. Bc2 fxe4 25. Bxe4 Rf7 26. Ng5 Rf6 27. Bxh7+ Kh8 28. Rxd7 Qa2+ 29. Ke1 Nd4 30. Rxd4 Qa1+ 31. Rd1 Qc3+ 32. Kf1 Raf8 33. Kg1 Nf5 34. Ne4 Qc2 35. Re1 Nxg3 36. Nxf6 Nxh1 37. Bxc2 Rxf6 38. Kxh1 Rxf2 39. Bd3 Rd2 40. Bf1 Rd6 41. c5 Rc6 42. Kh2 Kg8 43. Bc4 Kf7 44. Re5 Kf6 45. Rh5 g6 46. Rh4 Rxc5 47. Be2 Ke5 48. Rg4 Kf6 49. Rb4 b6 50. g4 Rc2 51. Re4 a5 52. Kg1 Rc3 53. Bf1 Rc5 54. Ra4 Rc2 55. Bc4 Rb2 56. Bd3 Rb3 57. Bf1 Rb2 58. Bg2 e5 59. Kh2 Ke6 60. Kg3 Kd6 61. Be4 g5 62. Rc4 Rb3+ 63. Bf3 b5 64. Rc6+ Kd7 65. Rg6 e4 66. Rxg5 a4 67. Kf4 exf3 68. Kg3 a3 69. Rg7+ Kc6 70. Ra7 f2+ 71. Kxf2 Rxh3 72. g5 Rh8 73. Rxa3 Rg8 74. g6 Kc5 75. Rg3 Kc4 76. Kf3 b4 77. Kf4 b3 78. Kf5 b2 79. Rg1 Kb3 80. Kf6 Ka2 81. Kf7 Rxg6 82. Rxg6 b1Q 1/2-1/2